Épisodes de Tintin par extrait de 5 secondes #8 - Statistiques

Statistiques générales
  • Ce quiz a été pris 53 fois
  • Le résultat moyen est 16 sur 21
Statistiques - réponses
Hint Réponse % Correct
On a marché sur la Lune
97%
Le Sceptre d'Ottokar
95%
L'Étoile mystérieuse
95%
Le Secret de La Licorne
92%
Tintin au Tibet
92%
Les Bijoux de la Castafiore
86%
Vol 714 pour Sydney
86%
Le Trésor de Rackham le Rouge
84%
Le Crabe aux pinces d'or
81%
L'Affaire Tournesol
78%
Le Lotus bleu
76%
Tintin au pays de l'or noir
76%
Le Temple du Soleil
73%
Tintin en Amérique
73%
Les Cigares du pharaon
70%
L'Île Noire
70%
Les Sept Boules de cristal
65%
Tintin et les Picaros
65%
Objectif Lune
54%
Coke en stock
49%
L'Oreille cassée
41%
Aucun quiz correspondant
Distribution des résultats
% des personnes avec chaque résultat
Percentile par nombre de réponses
Votre historique - résultats
Vous n’avez pas pris ce quiz